Using credit ratings for capital requirements on lending to emerging market economies possible impact of a new basel accord

Na minha lista:
Detalhes bibliográficos
Autor principal: Monfort, Brieuc
Outros Autores: Mulder, Christian
Formato: Livro
Idioma:inglês
Publicado em: Washington International Monetary Fund 2000
Colecção:IMF Working Paper WP/00/69
Assuntos:
Tags: Adicionar Tag
Sem tags, seja o primeiro a adicionar uma tag!

MARC

LEADER 00000nam a2200000 4500
001 c124215
005 20221221083859.6
041 0 |a eng 
044 |a US 
245 1 0 |a Using credit ratings for capital requirements on lending to emerging market economies  |b possible impact of a new basel accord  |c Brieuc Monfort and Christian Mulder 
264 1 |a Washington  |b International Monetary Fund  |c 2000 
300 |a 45 s. 
490 1 |a IMF Working Paper  |v WP/00/69 
830 0 |a IMF Working Paper  |v WP/00/69 
610 2 0 |a úver 
610 2 0 |a rating 
610 2 0 |a rating úverový 
100 1 |a Monfort, Brieuc 
700 1 |a Mulder, Christian